| 000 | 02161cam a22004574i 4500 | ||
|---|---|---|---|
| 003 | PE-LiUPU | ||
| 005 | 20250731172727.0 | ||
| 008 | 150617s r 000 0 d | ||
| 035 | _a(Sirsi) a11360 | ||
| 040 |
_aPE-LiUPU _bspa _cPE-LiUPU _erda |
||
| 049 | _aPRUA | ||
| 082 | 0 | 4 |
_a220.9 _bR62 _221 |
| 100 | 1 |
_aRinaldi, Juan, _eautor. |
|
| 245 | 1 | 4 |
_aLos descubrimientos modernos de la Biblia : _bEl legado de los Siglos / _cJuan Rinaldi. |
| 264 | 1 |
_aBarcelona : _bEdiciones Eler, _c1958. |
|
| 300 |
_a614 páginas ; _c25 cm. |
||
| 336 |
_atext _2rdacontent |
||
| 337 |
_aunmediated _2rdamedia |
||
| 338 |
_avolume _2rdacarrier |
||
| 504 | _aIncluye bibliografía. | ||
| 505 | 0 | _aDios habla al hombre -- En el principio -- El cosmos -- Paraíso terrestre y pecado original -- ¿El hombre o los hombres primitivos? -- En los umbrales de la historia -- Las razas -- Los padres y la ley -- Israel en su historia -- Israel en la historia del antiguo oriente -- La esperanza mesiánica -- La palabra viviente y las voces sepultadas -- Las lenguas de la Biblia -- La literatura hebrea bíblica -- Los papiros -- Los manuscritos del mar muerto -- Poesía y religión de los salmos -- Los sabios de Isarael -- Los heraldos de Dios -- Donde vivió Jesús -- El mensaje a los pobres -- Passus et Sepultus -- El evangelio y los evangelios -- Los apóstoles -- El ministerio de nuestra salvación -- La revelación del Apocalipsis. | |
| 526 | _aSEG42 | ||
| 526 | _aSEG41 | ||
| 526 | _aSEG40 | ||
| 526 | _aSEG39 | ||
| 526 | _aP94 | ||
| 526 | _aP87 | ||
| 526 | _aP86 | ||
| 526 | _aP85 | ||
| 526 | _aP77 | ||
| 526 | _aP76 | ||
| 526 | _aP35 | ||
| 630 |
_aBiblia _yÉpoca contemporánea. |
||
| 910 |
_ajck _bjvq _cjck _d20150616 |
||
| 942 |
_2ddc _cBOOK |
||
| 949 |
_a220.9 R62 _wDEWEY _c1 _i12812 _lCCODEBUL1 _mBUL _p00.00 _r0 _sY _tBOOK _u19771018 _xTEOLOGIA _PP35 _0COMPRA _o.STAFF. Colección General |
||
| 994 |
_aC0 _bPEPRU |
||
| 596 | _a1 | ||
| 999 |
_a220.9 R62 _wDEWEY _c1503 _i12812 _d1503 _f2021-11-9 _g5 _lCCODEBUL1 _mBUL _q3 _r0 _sY _tBOOK _u2015-6-17 _xTEOLOGIA _PP35 _0COMPRA _o.STAFF. Colección General |
||
| 980 |
_81 _gALBERTO SANCHEZ Responsable de Automatización |
||